| 000 | 00479nam a22001817a 4500 | ||
|---|---|---|---|
| 003 | CEME | ||
| 005 | 20210628210647.0 | ||
| 008 | 210105b xxu||||| |||| 00| 0 eng d | ||
| 020 | _a9694961297 | ||
| 040 | _c. | ||
| 082 | _a891.4394 RAN | ||
| 100 |
_aRanja , Sajawal Khan _980384 |
||
| 245 | _aAghar subha talue hui | ||
| 260 |
_aISLAMABAD _bDOST PUBLICATIONS _c2000 |
||
| 300 | _a291P | ||
| 650 |
_aURDU ADAB-ESSAYS.BIOGRAPHY-SAJAWAL KHAN RANJHA, _980385 |
||
| 942 |
_cBK _2ddc |
||
| 999 |
_c585330 _d585330 |
||